|
|
|
|
| LEADER |
00844nam a2200229 a 4500 |
| 001 |
000023849 |
| 003 |
CZ BrMZK |
| 005 |
20011130170918.0 |
| 008 |
950707s1993 xr f cze d |
| 020 |
|
|
|a 80-85812-03-7
|
| 040 |
|
|
|a BOA001
|b cze
|
| 080 |
|
|
|a 885.0-93-34
|2 MRF
|
| 100 |
1 |
|
|a Krůta, Jan,
|d 1946-
|7 jk01063593
|
| 245 |
1 |
0 |
|a Nesmrtelná teta aneb Rozum a štěstí krále Matěje /
|c Na motivy pohádky K.J.Erbena a film.scénáře Zdeňka Zelenky Nesmrtelná Teta naps. ...
|
| 250 |
|
|
|a 1.vyd.
|
| 260 |
|
|
|a Praha :
|b Arcadia,
|c 1993
|
| 300 |
|
|
|a 57 s., barev.fot.na příl.
|
| 700 |
1 |
|
|a Erben, Karel Jaromír,
|d 1811-1870
|7 jk01030532
|
| 700 |
1 |
|
|a Zelenka, Zdeněk,
|d 1954-
|7 jn99240001557
|
| 910 |
|
|
|a BOA001
|b PK-0120.214
|
| 990 |
|
|
|a BK
|
| 996 |
7 |
|
|b 3119998812
|c PK-0120.214
|l MZK
|r Sklad / do 1 hodiny
|n 4
|w 000023849
|u 000010
|a 1
|e BOA001
|j MZK50
|s A
|